SOCIAL work an introduction

Gardado en:
Detalles Bibliográficos
Formato: Libro
Idioma:inglés
Publicado: SAGE 2014
Tags: Engadir etiqueta
Sen Etiquetas, Sexa o primeiro en etiquetar este rexistro!

MARC

LEADER 00000nam a22000007a 4500
008 201222b ||||| |||| 00| 0 eng d
020 |a 978-1-4462-0889-2 
245 |a SOCIAL work   |b  an introduction  |c edited by Joyce Lishman … [et al.].  |g xxv, 507p., ill. 
250 |c Lishman, Joyce 
260 |b SAGE  |c 2014  |h Los Angeles  |i 692146  |i 692147  |l HV40 .So1  |m Social services – Textbooks  |m Social workers – Training of 
500 |a “It includes bibliographical references and index”. 
942 |a lcc  |c BK  |e O.A.JOHNSON  |f 22/12/20 
952 |0 0  |1 0  |2 lcc  |4 0  |6 HV0040 S O1  |7 0  |9 1159  |a HOL  |b SSL  |c GJ  |d 2020-12-22  |l 0  |o HV40 .So1  |p 2020-230365  |r 2020-12-22 00:00:00  |w 2020-12-22  |y BK 
952 |0 0  |1 0  |2 lcc  |4 0  |6 HV0040 S O1  |7 0  |9 1160  |a HOL  |b HOL  |c GJ  |d 2020-12-22  |l 0  |o HV40 .So1  |p 2020-230366  |r 2020-12-22 00:00:00  |w 2020-12-22  |y BK 
999 |c 606  |d 606